|
|
|
|
| LEADER |
00000nab a2200000 a 4500 |
| 001 |
vtls000865842 |
| 003 |
SK-MaSNL |
| 005 |
20260305001939.0 |
| 008 |
250429c2003 xo 0 slo |
| 015 |
|
|
|a SNBRB2004/03-08271
|
| 035 |
|
|
|a CLN000217394
|
| 035 |
|
|
|a urn:nbn:sk:snk-ab9wpv
|
| 035 |
|
|
|a (urnnbn)urn:nbn:sk:snk:ar-a092p5
|
| 035 |
|
|
|a (uuid)bbff6019-cb40-4229-9de2-53d780c2b287
|
| 040 |
|
|
|a SNKBUCL
|b slo
|c SNKBUCL
|e AACR2
|
| 041 |
0 |
|
|a slo
|
| 044 |
|
|
|a xo
|c SK
|
| 080 |
|
|
|a 821.162.4-32
|2 1997
|
| 100 |
1 |
|
|a Hevier, Daniel,
|d 1955-
|4 aut
|9 103400
|
| 245 |
1 |
0 |
|a Pieseň, ktorá opúšťa hitparádu
|c Daniel Hevier
|
| 650 |
0 |
7 |
|a spoločenské poviedky, slovenské
|2 snkbucl
|9 28976
|
| 655 |
|
7 |
|a články z novín a časopisov
|2 snkbucl
|9 267496
|
| 773 |
0 |
|
|t RAK
|g Roč. 8, č. 9 (2003), s. 30-38
|x 1335-1702
|
| 850 |
|
|
|a Slovenská národná knižnica
|
| 852 |
|
|
|a Slovenská národná knižnica
|
| 958 |
|
|
|a article13
|
| 958 |
|
|
|a LX
|
| 958 |
|
|
|a OND
|
| 958 |
|
|
|a EUIPO
|
| 992 |
|
|
|a RBX
|
| 999 |
|
|
|c 3222713
|d 3224643
|